Sports Quiz

Random Sports or NFL Quiz

Top 10 NFL Draft Busts Quiz Stats

 Plays Quiz not verified by Sporcle

Challenge
Share
Tweet
Embed
Score 0/10 Timer 04:00
0 Plays Today
Year Bust % Correct
1998 Ryan Leaf
98.1%
1999Tim Couch
76.4%
1995Ki-Jana Carter
56.4%
1987Brian Bosworth
49.7%
1989Tony Mandarich
43.1%
1993Rick Mirer
41.6%
1994Heath Shuler
37.9%
1996Lawrence Phillips
36.6%
1990Andre Ware
35.4%
1991Todd Marinovich
35.3%

You're not logged in!

Compare scores with friends on all Sporcle quizzes.
OR
Log In

You Might Also Like...

Show Comments

Extras

Top Quizzes Today


Score Distribution

Your Account Isn't Verified!

In order to create a playlist on Sporcle, you need to verify the email address you used during registration. Go to your Sporcle Settings to finish the process.

Report this User

Report this user for behavior that violates our Community Guidelines.

Details: